Πόλεις του Αιγαίου Πελάγους - Ξαφνικός Θάνατος - Statistics

General Stats
  • This quiz has been taken 26 times
  • The average score is 11 of 20
Answers on the Grid
Answers color-coded by a green-red scale on the quiz's grid according to % correct below.
Αγρίνιο
Αλεξανδρούπολη
Αντίρριο
Αργοστόλι
Αστυπάλαια
Βόλος
Γρεβενά
Γύθειο
Έδεσσα
Ερμούπολη
Ηγουμενίτσα
Ηράκλειο
Θεσσαλονίκη
Ιωάννινα
Καβάλα
Καρπενήσι
Κάρυστος
Κόνιτσα
Κόρινθος
Λαγανάς
Λαύριο
Μεσολόγγι
Μύκονος
Μυτιλήνη
Ναύπλιο
Πάργα
Πάτρα
Πειραιάς
Πύργος
Ρόδος
Σαλαμίνα
Σούνιο
Τρίκαλα
Φηρά
Χαλκίδα
Χανιά
 
Answer Stats
Answer % Correct
Ρόδος
85%
Αστυπάλαια
77%
Ερμούπολη
69%
Μύκονος
69%
Μυτιλήνη
69%
Αλεξανδρούπολη
62%
Ηράκλειο
62%
Πειραιάς
62%
Σαλαμίνα
62%
Χανιά
62%
Θεσσαλονίκη
54%
Καβάλα
54%
Βόλος
46%
Φηρά
46%
Χαλκίδα
46%
Κάρυστος
38%
Σούνιο
38%
Λαύριο
31%
Ναύπλιο
31%
Γύθειο
15%
No matching quizzes found
Score Distribution
Percent of People with Each Score
Percentile by Number Answered
Your Score History
You have not taken this quiz